Acta ethologica

Publishes research papers (both empirical and theoretical contributions), short communications, reviews and book reviews in the field of ethology and related disciplines, with a strong bearing on the behavior biology of humans and other animals. Special emphasis is placed on studies integrating prox...

Full description

Bibliographic Details
Format: Electronic Journal
Language:English
Published: New York : Springer-Verlag New York
Subjects:
Online Access:Full text available from Research Library: 08/01/2001 to 10/31/2018

MARC

LEADER 00000nas a2200000 a 4500
001 ssj0015814
003 WaSeSS
005 20200512172242.0
006 m d
007 cr n
008 991102c19989999nyutr pss 0 a0eng c
010 |a  2001229147 
016 7 |a 013084478  |2 Uk 
022 |a 1437-9546  |l 0873-9749  |y 0873-9749 
035 |a (WaSeSS)ssj0015814 
040 |a GAT  |b eng  |e pn  |c GAT  |d OCL  |d FUG  |d OCLCQ  |d MUQ  |d OCLCQ  |d OCL  |d OCLCQ  |d UKMGB  |d OCLCQ  |d OCLCO  |d OCLCQ  |d OCLCF  |d OCLCO  |d OCLCQ  |d WT2  |d OCLCQ  |d TOF  |d AU@  |d VT2  |d NJT  |d DLC  |d OCLCQ  |d WaSeSS 
042 |a pcc 
050 0 0 |a QL750 
082 0 4 |a 591.5 
130 0 |a Acta ethologica (Online) 
245 1 0 |a Acta ethologica  |h [electronic resource]. 
260 |a New York :  |b Springer-Verlag New York 
310 |a Three issues per year,  |b 2013- 
321 |a Twice a year 
362 1 |a Print began with vol. 1, 1-2 (July 1998). 
506 |a License restrictions may limit access. 
520 |a Publishes research papers (both empirical and theoretical contributions), short communications, reviews and book reviews in the field of ethology and related disciplines, with a strong bearing on the behavior biology of humans and other animals. Special emphasis is placed on studies integrating proximate (i.e. mechanisms, development) and ultimate (i.e. function, evolution) levels in the analysis of behavior. 
538 |a Mode of access: World Wide Web. 
588 0 |a Vol. 2, issue 1 (1999); title from journal home page (viewed Nov. 2, 1999). 
588 1 |a Vol. 22, no. 2 (June 2019) (SpringerLink website, viewed Aug. 19, 2019). 
650 0 |a Animal behavior  |v Periodicals. 
650 0 |a Human behavior  |v Periodicals. 
650 0 |a Psychobiology  |v Periodicals. 
650 6 |a Éthologie  |v Périodiques. 
650 6 |a Comportement humain  |v Périodiques. 
650 6 |a Psychobiologie  |v Périodiques. 
650 7 |a Animal behavior.  |2 fast  |0 (OCoLC)fst00809079 
650 7 |a Human behavior.  |2 fast  |0 (OCoLC)fst00962811 
650 7 |a Psychobiology.  |2 fast  |0 (OCoLC)fst01081300 
655 0 |a Electronic journals. 
776 1 |t Acta ethologica  |x 0873-9749  |w (DLC) 2002239087  |w (OCoLC)42091328 
850 |a DLC  |a FU 
856 4 0 |z Full text available from Research Library: 08/01/2001 to 10/31/2018  |u https://search.proquest.com/publication/43992